000 00585nam a2200229Ia 4500
003 OSt
005 20220924132518.0
006 a|||||r|||| 00| 0
007 ta
008 220923b |||||||| |||| 00| 0 san d
024 _a59036
037 _cTextual
040 _aARTS
_cARTS
_bsan
041 _2san
_asan
082 _aQ133:4x5:1, 15H8
100 _aGautama
245 0 _aGautama dharma sutra parisista ed by A N Krishna Aiyangar
260 _c1948
650 _aRELIGION
942 _hQ133:4x5:1, 15H8
_cTEXL
_2CC
999 _c430489
_d430489